000 00833nmm a2200265 a 4500
001 ocm000964938
003 TR-IsHL
005 20201028150722.0
008 150110s2008 tu tur
007 cr cn
020 _a9789944394314
035 _a964938
_b(N$T)
050 0 4 _aPL248.N35
_bE5 2008
090 0 4 _aPL248.N35
_bE5 2008
100 1 _aNalça, Kıvanç
245 1 0 _aEl Âlemin Sözleri
_h[electronic resource] /
_cKıvanç Nalça
260 _aİstanbul :
_bAltın Bilek Yayınları,
_c2008
300 _a237 p.
650 4 _aDil ve Edebiyat
650 4 _aLanguage and Literature
650 0 _aTürk romanı
650 0 _aTurkish fiction
650 7 _aLITERARY COLLECTIONS / Middle Eastern
_2bisacsh
856 4 0 _uhttp://search.ebscohost.com/login.aspx?direct=true&scope=site&db=e011xww&AN=964938
999 _c10626
_d10626